000 00607cab a2200217 4500
001 X851
008 090401t1993 xxu||||| |||| 00| 0 eng d
035 _a(Sirsi) u67780
041 _aeng
245 _aLake District Special Planning Board and British Nuclear Fuels plc
260 _c1993
350 _a0
490 _aPlanning Appeal Decisions
_v1993 8 PAD 311-330(20)
520 _aDrilling exploratory geological boreholes.
650 _aDRILLING
650 _aGEOLOGICAL BOREHOLDS
650 _aOPEN LAND
690 _aPLANNING LAW AND PRACTICE-CASE LAW
942 _n0
948 _c04/03/1997
999 _c42454
_d42454